Kluby w Premier League 2024/2025 - Statystyki

Ogólne statystyki
  • Ten quiz został rozwiązany 283 razy
  • Średni wynik to 14 z 20
Statystyki odpowiedzi
Klub % Poprawnych
Manchester City
97%
Manchester United
96%
Liverpool
93%
Arsenal
92%
Chelsea
86%
Tottenham
82%
Aston Villa
78%
West Ham
70%
Brighton
65%
Southampton
64%
Everton
62%
Crystal Palace
61%
Wolves
58%
Nottingham Forest
57%
Newcastle United
56%
Fulham
54%
Leicester City
53%
Brentford
52%
Bournemouth
49%
Ipswich
47%
Nie znaleziono quizów pasujących do podanych kryteriów
Rozkład punktacji
Procent ludzi z każdym wynikiem
Percentyl według liczby udzielonych odpowiedzi
Twoja historia wyników
Nie rozwiązałeś tego quizu